000 00431nam a2200193Ia 4500
005 20240823040551.0
008 240823s9999||||xx |||||||||||||| ||und||
020 _a978-81-237-1123-2
041 _aENGLISH
082 _A551.51840954 Q3
100 _aDas P K
245 4 _aThe Monsoons
250 _a1st
260 _c2013
_bNational Book
500 _aYES
650 _aGeneral
_bGeneral
942 _cBK
999 _c203417
_d203417